[Event "Ideal Clave op 7th"]
[Site "Barcelona"]
[Date "2001.10.27"]
[Round "4"]
[White "Penas Hernandez, Yolanda"]
[Black "Garcia, JR."]
[Result "1-0"]
[WhiteElo "2045"]
[BlackElo "1855"]
[PlyCount "63"]
[EventDate "2001.09.29"]
[EventType "swiss"]
[EventRounds "8"]
[EventCountry "ESP"]
[SourceTitle "EXT 2003"]
[Source "ChessBase"]
[SourceDate "2002.11.25"]
[SourceVersion "1"]
[SourceVersionDate "2002.11.25"]
[SourceQuality "1"]

1. e4 e6 2. d4 d5 3. Nc3 dxe4 4. Nxe4 Nd7 5. Nf3 Ngf6 6. Bd3 Nxe4 7. Bxe4 Nf6 8. Bd3 b6 9. 0-0 Bd6 10. Re1 Bb7 11. Ne5 a6 12. Bg5 h6 13. Bc1 Qe7 14. Qe2 0-0 15. c3 c5 16. Nc4 Bc7 17. Be3 b5 18. Ne5 Qd6 19. Rad1 Qd5 20. f4 c4 21. Bb1 Nh5 22. Qg4 Nf6 23. Qh3 Ne4 24. Bc1 f5 25. Re2 Rf6 26. Qh5 Raf8 27. Rde1 Rd8 28. Bxe4 fxe4 29. Rxe4 Qxe4 30. Rxe4 Bxe4 31. Ng4 Rf5 32. Qg6 1-0